| 000 | 00526nam a22002177a 4500 | ||
|---|---|---|---|
| 005 | 20240322164125.0 | ||
| 008 | 240313b |||||||| |||| 00| 0 eng d | ||
| 020 |
_a9789354973376 _cRs.450.00 |
||
| 040 | _aLoreto College | ||
| 041 | _aEnglish | ||
| 082 |
_a912 _bOXF |
||
| 245 | _aOxford school atlas | ||
| 250 | _a37th ed. | ||
| 260 |
_aNew Delhi _bOxford University Press _c2023 |
||
| 300 |
_a136p. _b27cm. |
||
| 504 | _aIncludes index | ||
| 650 | _aAtlas | ||
| 650 | _aWorld maps | ||
| 850 | _aLCLIB | ||
| 942 | _cBK | ||
| 999 |
_c43693 _d94172 |
||